[Event "VIE-ch KO"]
[Site "Hanoi"]
[Date "2009.02.23"]
[Round "1.1"]
[White "Hoang Canh, Huan"]
[Black "Dao, Thien Hai"]
[Result "1/2-1/2"]
[WhiteElo "2378"]
[BlackElo "2543"]
[PlyCount "81"]
[EventDate "2009.02.23"]
[EventType "k.o."]
[EventRounds "2"]
[EventCountry "VIE"]
[SourceTitle "CBM 129 Extra"]
[Source "ChessBase"]
[SourceDate "2009.05.05"]
[SourceVersion "2"]
[SourceVersionDate "2009.05.20"]
[SourceQuality "1"]

1. e4 c5 2. Nc3 Nc6 3. Bb5 e6 4. Bxc6 bxc6 5. d3 d5 6. f4 Nf6 7. Nf3 Ba6 8. e5 Nd7 9. b3 c4 10. dxc4 dxc4 11. Ne4 Nb6 12. Nd6+ Bxd6 13. exd6 0-0 14. Ne5 c5 15. Bb2 f6 16. Nc6 Qe8 17. Ne7+ Kh8 18. Qg4 Bc8 19. Nxc8 Rxc8 20. 0-0 Qd7 21. Rad1 cxb3 22. axb3 c4 23. Rf3 cxb3 24. cxb3 Rc2 25. Bd4 Nd5 26. f5 e5 27. Bxe5 Qc6 28. Qe4 Rc1 29. Rff1 Rc5 30. Bd4 Rb5 31. Bxa7 Qxd6 32. Rf3 Qc7 33. Bf2 Nb4 34. h3 h6 35. Qe6 Rb7 36. Bg3 Qc2 37. Rd7 Rxd7 38. Qxd7 Nc6 39. Kh2 Rd8 40. Qc7 Rd2 41. Bf2 1/2-1/2

[Event "VIE-ch qual"]
[Site "Hanoi"]
[Date "2009.02.18"]
[Round "5"]
[White "Hoang Canh, Huan"]
[Black "Nguyen, Duc Hoa"]
[Result "1/2-1/2"]
[WhiteElo "2378"]
[BlackElo "2342"]
[PlyCount "101"]
[EventDate "2009.02.15"]
[EventType "swiss"]
[EventRounds "9"]
[EventCountry "VIE"]
[SourceTitle "EXT 2010"]
[Source "ChessBase"]
[SourceDate "2010.11.25"]
[SourceVersion "1"]
[SourceVersionDate "2010.11.25"]
[SourceQuality "1"]

1. e4 c5 2. Nc3 Nc6 3. Bb5 Nd4 4. Nf3 g6 5. Bc4 Bg7 6. Nxd4 cxd4 7. Qf3 Nh6 8. Ne2 d6 9. d3 0-0 10. h3 Be6 11. 0-0 Qc8 12. b3 Bd7 13. Bg5 e6 14. Qf4 b5 15. Bxh6 e5 16. Qh4 bxc4 17. bxc4 Bxh6 18. Qxh6 f5 19. exf5 Rxf5 20. Ng3 Rf4 21. Ne4 Bc6 22. f3 Qc7 23. Qg5 Raf8 24. Rae1 R8f5 25. Qg3 Qe7 26. Re2 Bxe4 27. Rxe4 Rxe4 28. fxe4 Rxf1+ 29. Kxf1 Qb7 30. Ke2 Qb2 31. Qg5 Qxc2+ 32. Qd2 Qb1 33. Qa5 Kg7 34. Qxa7+ Kf6 35. Qa5 Qg1 36. Qd8+ Kg7 37. Qe7+ Kg8 38. Qg5 Kf7 39. a4 Qa1 40. Qh6 Kg8 41. Qg5 Kf7 42. Qd8 Qxa4 43. Qc7+ Ke6 44. Qc8+ Ke7 45. Qc7+ Ke8 46. Qc8+ Kf7 47. Qc7+ Ke8 48. Qc8+ Kf7 49. Qc7+ Ke6 50. Qc8+ Ke7 51. Qc7+ 1/2-1/2

[Event "VIE-ch qual"]
[Site "Hanoi"]
[Date "2009.02.17"]
[Round "3"]
[White "Hoang Canh, Huan"]
[Black "Bui, Vinh"]
[Result "1/2-1/2"]
[WhiteElo "2378"]
[BlackElo "2509"]
[PlyCount "71"]
[EventDate "2009.02.15"]
[EventType "swiss"]
[EventRounds "9"]
[EventCountry "VIE"]
[SourceTitle "EXT 2010"]
[Source "ChessBase"]
[SourceDate "2010.11.25"]
[SourceVersion "1"]
[SourceVersionDate "2010.11.25"]
[SourceQuality "1"]

1. e4 b6 2. d4 Bb7 3. Bd3 e6 4. Qe2 d5 5. Nf3 Be7 6. 0-0 Nf6 7. e5 Nfd7 8. c4 0-0 9. cxd5 Bxd5 10. Nc3 c6 11. Bd2 a6 12. a4 Re8 13. Nxd5 cxd5 14. Rfc1 Nf8 15. b4 Qd7 16. b5 a5 17. h4 Ra7 18. h5 Rc8 19. h6 g6 20. Nh2 Rxc1+ 21. Rxc1 Rc7 22. Ng4 Rxc1+ 23. Bxc1 Qc7 24. Qc2 Qxc2 25. Bxc2 Nbd7 26. f4 f5 27. exf6 Nxf6 28. Nf2 Ne8 29. g4 Bf6 30. Be3 Nd6 31. Bd3 Nd7 32. g5 Be7 33. Kf1 Kf7 34. Ke2 Nf5 35. Bxf5 exf5 36. Nd3 1/2-1/2

[Event "WMSG Rapid Team 1st"]
[Site "Beijing"]
[Date "2008.10.16"]
[Round "8"]
[White "Martin Del Campo C, Roberto Abel"]
[Black "Hoang Canh, Huan"]
[Result "1-0"]
[WhiteElo "2420"]
[BlackElo "2363"]
[PlyCount "68"]
[EventDate "2008.10.14"]
[EventType "team (rapid)"]
[EventRounds "9"]
[EventCountry "CHN"]
[SourceTitle "CBM 126 Extra"]
[Source "ChessBase"]
[SourceDate "2008.11.05"]
[SourceVersion "1"]
[SourceVersionDate "2008.11.05"]
[SourceQuality "1"]

1. e4 g6 2. d4 Bg7 3. Nc3 d6 4. f4 a6 5. Nf3 b5 6. Be3 Bb7 7. Bd3 Nd7 8. a4 b4 9. Na2 a5 10. c3 Ngf6 11. d5 c6 12. dxc6 Bxc6 13. cxb4 Bxe4 14. b5 Bb7 15. Nc3 0-0 16. Qe2 Ng4 17. Bd2 Nc5 18. Bc2 Rc8 19. h3 Nf6 20. 0-0 Nh5 21. Qf2 e5 22. fxe5 dxe5 23. Rad1 Qc7 24. Be3 Ne6 25. Bb3 Nhf4 26. Bb6 Qe7 27. Bxe6 Qxe6 28. Bxa5 Qc4 29. Qe3 Rfe8 30. Rd7 Ba8 31. Rfd1 Bh6 32. Qf2 e4 33. R1d4 Qe6 34. R7d6 Qb3 1-0

[Event "WMSG Rapid Team 1st"]
[Site "Beijing"]
[Date "2008.10.15"]
[Round "6"]
[White "Sepp, Olav"]
[Black "Hoang Canh, Huan"]
[Result "1/2-1/2"]
[WhiteElo "2448"]
[BlackElo "2363"]
[PlyCount "39"]
[EventDate "2008.10.14"]
[EventType "team (rapid)"]
[EventRounds "9"]
[EventCountry "CHN"]
[SourceTitle "CBM 126 Extra"]
[Source "ChessBase"]
[SourceDate "2008.11.05"]
[SourceVersion "1"]
[SourceVersionDate "2008.11.05"]
[SourceQuality "1"]

1. e4 Nf6 2. d3 d5 3. Nd2 c5 4. Ngf3 Nc6 5. g3 e6 6. Bg2 Be7 7. 0-0 b6 8. Re1 Bb7 9. c3 h6 10. exd5 Nxd5 11. Nc4 0-0 12. a4 Qc7 13. Qb3 Rab8 14. Nfe5 Nxe5 15. Nxe5 Bf6 16. Ng4 Be7 17. Ne5 Bf6 18. Ng4 Be7 19. Ne5 Bf6 20. Ng4 1/2-1/2

[Event "WMSG Rapid Team 1st"]
[Site "Beijing"]
[Date "2008.10.14"]
[Round "1"]
[White "Hoang Canh, Huan"]
[Black "Laouini, Sami"]
[Result "1/2-1/2"]
[WhiteElo "2363"]
[BlackElo "2209"]
[PlyCount "79"]
[EventDate "2008.10.14"]
[EventType "team (rapid)"]
[EventRounds "9"]
[EventCountry "CHN"]
[SourceTitle "CBM 126 Extra"]
[Source "ChessBase"]
[SourceDate "2008.11.05"]
[SourceVersion "1"]
[SourceVersionDate "2008.11.05"]
[SourceQuality "1"]

1. e4 c5 2. Nc3 d6 3. d4 cxd4 4. Qxd4 Nc6 5. Bb5 Bd7 6. Bxc6 Bxc6 7. Bg5 Nf6 8. 0-0-0 e6 9. Nf3 Be7 10. Qd3 0-0 11. Nd4 Qa5 12. f4 Rfd8 13. Kb1 a6 14. f5 e5 15. Bxf6 Bxf6 16. Nb3 Qc7 17. Nd5 Bxd5 18. Qxd5 Rac8 19. c3 b5 20. h4 Qc4 21. g4 Qxd5 22. Rxd5 Rc4 23. Nd2 Rc5 24. g5 Be7 25. Kc2 Rdc8 26. Rg1 Rxd5 27. exd5 Rc5 28. Ne4 Rxd5 29. b4 Kf8 30. h5 g6 31. f6 Bd8 32. hxg6 hxg6 33. Rh1 Kg8 34. a3 Bb6 35. Rh3 Bd8 36. Rh4 Bb6 37. Rh3 Ba7 38. Rh1 Be3 39. Rh3 Ba7 40. Rh1 1/2-1/2

[Event "WMSG Rapid Team 1st"]
[Site "Beijing"]
[Date "2008.10.14"]
[Round "2"]
[White "Sandipan, Chanda"]
[Black "Hoang Canh, Huan"]
[Result "1/2-1/2"]
[WhiteElo "2579"]
[BlackElo "2363"]
[PlyCount "31"]
[EventDate "2008.10.14"]
[EventType "team (rapid)"]
[EventRounds "9"]
[EventCountry "CHN"]
[SourceTitle "CBM 126 Extra"]
[Source "ChessBase"]
[SourceDate "2008.11.05"]
[SourceVersion "1"]
[SourceVersionDate "2008.11.05"]
[SourceQuality "1"]

1. e4 Nf6 2. e5 Nd5 3. d4 d6 4. Nf3 dxe5 5. Nxe5 c6 6. Bc4 Nd7 7. 0-0 Nxe5 8. dxe5 Bf5 9. Bb3 e6 10. Qe2 a5 11. a3 a4 12. Ba2 Bc5 13. Nd2 Qh4 14. g3 Qd4 15. c3 Qd3 16. Bc4 1/2-1/2

[Event "WMSG Blitz Team 1st"]
[Site "Beijing"]
[Date "2008.10.13"]
[Round "6"]
[White "Chan, Wei Xuan Timothy"]
[Black "Hoang Canh, Huan"]
[Result "0-1"]
[WhiteElo "2264"]
[BlackElo "2363"]
[PlyCount "50"]
[EventDate "2008.10.13"]
[EventType "tourn (blitz)"]
[EventRounds "11"]
[EventCountry "CHN"]
[SourceTitle "CBM 126 Extra"]
[Source "ChessBase"]
[SourceDate "2008.11.05"]
[SourceVersion "1"]
[SourceVersionDate "2008.11.05"]
[SourceQuality "1"]

1. e4 g6 2. d4 Bg7 3. Nc3 d6 4. f4 a6 5. a4 Nd7 6. Nf3 b6 7. Bd3 Bb7 8. 0-0 c5 9. d5 Qc7 10. Nd2 Ngf6 11. Nc4 0-0 12. Qe2 e6 13. Ne3 exd5 14. Ncxd5 Nxd5 15. Nxd5 Bxd5 16. exd5 Rfe8 17. Qf3 c4 18. Be2 Qc5+ 19. Kh1 f5 20. Ra3 Re4 21. Be3 Qb4 22. c3 Qxb2 23. Raa1 Rae8 24. Rab1 Qxc3 25. Bxb6 Rxe2 0-1

[Event "WMSG Blitz Team 1st"]
[Site "Beijing"]
[Date "2008.10.13"]
[Round "8"]
[White "Gopal, Geetha Narayanan"]
[Black "Hoang Canh, Huan"]
[Result "1-0"]
[WhiteElo "2548"]
[BlackElo "2363"]
[PlyCount "83"]
[EventDate "2008.10.13"]
[EventType "tourn (blitz)"]
[EventRounds "11"]
[EventCountry "CHN"]
[SourceTitle "CBM 126 Extra"]
[Source "ChessBase"]
[SourceDate "2008.11.05"]
[SourceVersion "1"]
[SourceVersionDate "2008.11.05"]
[SourceQuality "1"]

1. e4 g6 2. d4 Bg7 3. Nc3 d6 4. Be3 a6 5. f4 b5 6. Nf3 Bb7 7. Bd3 Nd7 8. e5 e6 9. Ne4 Nb6 10. 0-0 f5 11. Nf2 Ne7 12. b3 d5 13. Be2 Qd7 14. Nd3 Bc8 15. Nc5 Qc6 16. a4 bxa4 17. Nxa4 Nxa4 18. Rxa4 0-0 19. Qd2 h6 20. Rfa1 Bb7 21. Ne1 Qb6 22. Nd3 Bc6 23. R4a3 Bb5 24. Nc5 Bxe2 25. Qxe2 a5 26. Nd7 Qc6 27. Nxf8 Bxf8 28. Rxa5 Rxa5 29. Rxa5 Qc3 30. Ra8 c5 31. Qd2 Qb2 32. dxc5 Nc6 33. h3 Qb1+ 34. Kh2 Qf1 35. b4 Qc4 36. c3 Kf7 37. Bd4 Be7 38. Qa2 Qd3 39. Qa6 Qe4 40. Qxc6 Qxf4+ 41. Kh1 Qc1+ 42. Bg1 1-0

[Event "Manila Pichay Cup 4th"]
[Site "Manila"]
[Date "2008.09.19"]
[Round "9"]
[White "Hoang Canh, Huan"]
[Black "Yu, Lie"]
[Result "1-0"]
[WhiteElo "2339"]
[BlackElo "2377"]
[PlyCount "115"]
[EventDate "2008.09.14"]
[EventType "swiss"]
[EventRounds "9"]
[EventCountry "PHI"]
[SourceTitle "CBM 126 Extra"]
[Source "ChessBase"]
[SourceDate "2008.11.05"]
[SourceVersion "1"]
[SourceVersionDate "2008.11.05"]
[SourceQuality "1"]

1. e4 d6 2. d4 Nf6 3. Nc3 g6 4. f4 Bg7 5. Nf3 a6 6. Bd3 c5 7. dxc5 dxc5 8. e5 Nfd7 9. Be4 0-0 10. Be3 Qb6 11. Nd5 Qd8 12. Qd2 f5 13. exf6 exf6 14. Nc3 Nc6 15. 0-0-0 Qa5 16. Qd6 Kh8 17. Nd2 Nd4 18. Bxd4 cxd4 19. Nb3 Qb6 20. Qxb6 Nxb6 21. Nxd4 Nc4 22. Rhe1 Bg4 23. Bf3 Bxf3 24. Nxf3 Rf7 25. b3 Na3 26. Kb2 Bf8 27. Ne4 Rc7 28. c3 Rac8 29. Nd4 f5 30. Ne6 fxe4 31. Nxc7 Rxc7 32. Rd8 Kg7 33. Rxf8 Kxf8 34. Kxa3 Rxc3 35. Kb2 Rd3 36. Kc2 Rd4 37. Rd1 Rb4 38. Rd7 h5 39. Kd2 Ke8 40. Rg7 Rb6 41. Ke3 Kf8 42. Rc7 Rb4 43. Rc4 Rb5 44. Kxe4 Kf7 45. h3 Ke6 46. g4 hxg4 47. hxg4 a5 48. Rd4 Rc5 49. Rc4 Rd5 50. Rc7 Rb5 51. g5 Rb4+ 52. Kf3 Rb6 53. Kg4 Kd6 54. Rf7 Kd5 55. Rf6 Re6 56. Rxe6 Kxe6 57. a4 b6 58. f5+ 1-0

[Event "Manila Pichay Cup 4th"]
[Site "Manila"]
[Date "2008.09.18"]
[Round "8"]
[White "Ballecer, Dino"]
[Black "Hoang Canh, Huan"]
[Result "0-1"]
[WhiteElo "2419"]
[BlackElo "2339"]
[PlyCount "86"]
[EventDate "2008.09.14"]
[EventType "swiss"]
[EventRounds "9"]
[EventCountry "PHI"]
[SourceTitle "CBM 126 Extra"]
[Source "ChessBase"]
[SourceDate "2008.11.05"]
[SourceVersion "1"]
[SourceVersionDate "2008.11.05"]
[SourceQuality "1"]

1. e4 Nf6 2. e5 Nd5 3. d4 d6 4. Nf3 c6 5. Bc4 dxe5 6. Nxe5 Nd7 7. Nf3 N7f6 8. 0-0 g6 9. h3 Bg7 10. Re1 0-0 11. Bb3 b5 12. a4 h6 13. Nc3 b4 14. Nxd5 cxd5 15. a5 Ne4 16. Be3 e6 17. Ne5 Ba6 18. f3 Nc5 19. Nxf7 Rxf7 20. dxc5 Bxb2 21. Bd4 Bxd4+ 22. Qxd4 Qf6 23. Re5 Bc8 24. Rae1 Rb8 25. c6 Rb5 26. Qg4 Kh7 27. Bc4 Rc5 28. Bd3 b3 29. cxb3 Rxc6 30. b4 a6 31. f4 Rc3 32. Bxa6 Bxa6 33. Rxe6 Qd4+ 34. Kh1 Bd3 35. Re7 Rc7 36. Rxf7+ Rxf7 37. Qe6 Qxf4 38. Qxd5 Bc4 39. Qc5 Be2 40. Qd5 Ba6 41. Qe4 Qg3 42. Qe6 Bc4 43. Qe8 Bd5 0-1

[Event "Manila Pichay Cup 4th"]
[Site "Manila"]
[Date "2008.09.18"]
[Round "7"]
[White "Hoang Canh, Huan"]
[Black "Pacis, Adrian"]
[Result "1-0"]
[WhiteElo "2339"]
[BlackElo "2278"]
[PlyCount "67"]
[EventDate "2008.09.14"]
[EventType "swiss"]
[EventRounds "9"]
[EventCountry "PHI"]
[SourceTitle "CBM 126 Extra"]
[Source "ChessBase"]
[SourceDate "2008.11.05"]
[SourceVersion "1"]
[SourceVersionDate "2008.11.05"]
[SourceQuality "1"]

1. e4 c5 2. Nc3 Nc6 3. Bb5 g6 4. Nf3 Bg7 5. Bxc6 bxc6 6. d3 Nh6 7. h3 f6 8. 0-0 0-0 9. Nh2 f5 10. Be3 d6 11. Qd2 Nf7 12. f4 Bd7 13. Rae1 Qc7 14. Nf3 Rae8 15. e5 dxe5 16. Bxc5 exf4 17. Bxe7 Rxe7 18. Rxe7 g5 19. Rxf7 Rxf7 20. Nxg5 Bd4+ 21. Kh1 Re7 22. Ne2 Bf6 23. Nf3 Re3 24. Nfg1 Be5 25. Rf3 Qb6 26. Nxf4 Rxf3 27. Nxf3 Bxf4 28. Qxf4 Qxb2 29. Qc7 Be6 30. c4 Qxa2 31. Qb8+ Kf7 32. Qc7+ Kg6 33. Qe5 Bf7 34. Nh4+ 1-0